00322nam a2200133Ia 4500008004100000020001500041041001200056082001600068100001200084245003900096260002900135300000800164650001600172221030s9999 xx 000 0 und d a8170291011 aEnglish a105.23bSwa aT. Swan 0aMastering Turbo Pascalcby T. Swan bBPB PubaNew Delhic1987 a450 aBE Computer